| 000 | 00602nam a2200217 a 4500 | ||
|---|---|---|---|
| 001 | 10961 | ||
| 003 | CO-ViMGA | ||
| 008 | 141112s2004 ck r 000 u spa d | ||
| 020 | _a8474325250 | ||
| 040 |
_aCO-ViMGA _bspa _cCO-ViMGA |
||
| 082 | 0 | 4 | _a340.1 A53c |
| 100 | 1 |
_aAlexy Robert, _915074 |
|
| 245 | 1 | 0 | _aEl concepto y la validez del derecho y otros ensayos |
| 250 | _a1 | ||
| 260 | _aBarcelona | ||
| 300 | _a208 p. | ||
| 490 | _aColecciones estudios Alemanes - Grupo ciencias sociales filosofĂa | ||
| 650 | 1 | 4 | _aFILOSOFIA DEL DERECHO |
| 650 | 1 | 4 |
_aTEORIA DEL DERECHO _915075 |
| 942 |
_2ddc _cBK |
||
| 999 |
_c22180 _d22180 |
||